000 01313nam a22003737a 4500
999 _c827
_d827
001 003384
003 CoMeUDC003384
005 20190116233134.0
008 160601s2015 pe b 000 0 spa
010 _a 2016392891
020 _a9786124683718
035 _a(PE-LiEIC)it201600014099
040 _aDLC
_beng
_cCoMeUDC
_erda
042 _apcc
043 _as-pe---
050 0 0 _aKHQ2919
_b.T34 2015
082 _a348
_bT124f
100 1 _aTafur Charún, Emilio,
_eauthor.
245 1 4 _aLas fuentes de producción normativa en la Constitución de 1993 :
_b(jerarquía, competencia y función constitucional) /
_cEmilio Tafur Charún.
250 _aPrimera edición.
264 1 _a[Lima, Perú] :
_bEstudio Mario Castillo Freyre,
_c2015.
300 _a227 pages ;
_c24 cm
336 _atext
_2rdacontent
337 _aunmediated
_2rdamedia
338 _avolume
_2rdacarrier
490 0 _aBiblioteca de derecho del Estudio Mario Castillo Freyre
504 _aIncludes bibliographical references.
650 0 _aConstitutional history
_zPeru.
650 0 _aConstitutional law
_zPeru.
710 1 _aPeru.
_tConstitución política (1993)
906 _a7
_bcbc
_corigres
_d2
_encip
_f20
_gy-gencatlg
942 _2ddc
_cBK